000 00479cam a2200181ua 4500
001 4304
005 20260515113819.0
008 111223n ii |||gr||||Z||||||asm
040 _cMAIN
100 1 _aGoswami, Upendra Nath,
245 1 1 _aAsamiya bhasha aru upabhasha
_cby Upendra Nath Goswami
250 _a1st.
260 _aGuwahati:
_bMani manik Prakash,986.
300 _a117p:
_c23cm.
653 _aAssamese language
653 _aAsamiya bhasha aru upabhasha
942 _cBK
999 _c4119
_d4119